[Event "Torshavn op 3rd"]
[Site "Torshavn"]
[Date "2000.10.12"]
[Round "7"]
[White "Psakhis, Lev"]
[Black "Grischuk, Alexander"]
[Result "1/2-1/2"]
[WhiteElo "2611"]
[BlackElo "2606"]
[PlyCount "35"]
[EventDate "2000.10.06"]
[EventType "swiss"]
[EventRounds "9"]
[EventCountry "FAI"]
[SourceTitle "CBM 078 Extra"]
[Source "ChessBase"]
[SourceDate "2000.11.10"]
[SourceVersion "1"]
[SourceVersionDate "2000.11.10"]
[SourceQuality "1"]

1. c4 e6 2. Nf3 d5 3. d4 c6 4. Nbd2 Nf6 5. g3 c5 6. cxd5 exd5 7. Bg2 Nc6 8. O-O Bf5 ({RR} 8... h6 9. Re1 cxd4 10. Nb3 Bd6 11. Nbxd4 O-O 12. b3 Re8 13. Bb2 Bb4 14. Rf1 Nxd4 15. Qxd4 Ba5 16. Qd3 Bb6 17. Rad1 Be6 18. Nd4 Bg4 19. Rfe1 Rc8 20. h3 Bh5 21. g4 Bg6 22. Nf5 h5 23. Bf3 {Deac,B (2702)-Carlsen,M (2839) chess.com INT 2023 0-1 (49)}) ({RR} 8... h6 9. dxc5 Bxc5 10. Nb3 Bb6 11. Bd2 O-O 12. Bf4 Re8 13. Rc1 Bg4 14. h3 Bh5 15. g4 Bg6 16. Nbd4 Nxd4 17. Nxd4 Re4 18. Bxe4 Nxe4 19. Nf3 Qf6 20. Be5 Qe6 21. Bd4 h5 22. Ne5 hxg4 23. Nxg4 {Savran,B (2070)-Masague Artero,G (2397) chess.com INT 2026 1-0 (38)}) 9. dxc5 Bxc5 10. a3 $146 ({RR} 10. Nb3 Bb6 11. Bg5 h6 12. Bxf6 Qxf6 13. Qxd5 Rd8 14. Qc4 Qxb2 15. Nc5 O-O 16. Na4 Qb4 17. Qxb4 Nxb4 18. Nxb6 axb6 19. e3 Nc2 20. Rab1 Rd6 21. Rb2 Be4 22. Rc1 Rfd8 23. Nd4 Bxg2 24. Rbxc2 Bh3 {Lugovoi,A (2525)-Solovjov,S (2420) St Petersburg 1998 1-0 (60)}) ({RR} 10. Nb3 Bb6 11. Nfd4 Be4 12. Be3 O-O 13. Nxc6 bxc6 14. Bd4 Bxg2 15. Kxg2 Ne4 16. Rc1 Rc8 17. Nc5 Qe7 18. b4 {½-½ (18) Furman,S-Gufeld,E Tbilisi 1959}) 10... O-O 11. b4 Bb6 12. Bb2 Qe7 13. Nb3 Rfd8 14. Nfd4 Be4 15. Nxc6 bxc6 16. Bd4 Bxg2 17. Kxg2 Ne4 18. e3 1/2-1/2

[Event "BLR-ch 76th"]
[Site "Minsk"]
[Date "2010.01.12"]
[Round "1"]
[White "Zhigalko, Andrey"]
[Black "Zhigalko, Sergei"]
[Result "1/2-1/2"]
[WhiteElo "2600"]
[BlackElo "2668"]
[PlyCount "34"]
[EventDate "2010.01.12"]
[EventType "tourn"]
[EventRounds "11"]
[EventCountry "BLR"]
[EventCategory "11"]
[SourceTitle "CBM 134 Extra"]
[Source "ChessBase"]
[SourceDate "2010.03.03"]
[SourceVersion "1"]
[SourceVersionDate "2010.03.03"]
[SourceQuality "1"]

1. Nf3 d5 2. d4 e6 3. c4 c6 4. b3 Nf6 5. e3 Bb4+ 6. Bd2 Bd6 7. Nc3 Ne4 $146 ({RR} 7... Nbd7 8. Bd3 O-O 9. O-O e5 10. cxd5 Nxd5 11. dxe5 Nxe5 12. Nxe5 Bxe5 13. Bxh7+ Kxh7 14. Qh5+ Kg8 15. Qxe5 Nb4 16. Ne4 Re8 17. Qd6 Nc2 18. Qxd8 Rxd8 19. Rad1 Bf5 20. f3 Bxe4 21. fxe4 Na3 22. Bb4 {Ottenburg,R (1870)-Peschel,A (2032) Eschborn 2013 ½-½}) ({RR} 7... Nbd7 8. Bd3 O-O 9. O-O Qe7 10. Qc2 b6 11. e4 dxc4 12. Bxc4 e5 13. d5 b5 14. dxc6 bxc4 15. cxd7 Ba6 16. bxc4 Bxc4 17. Rfd1 Nxd7 18. Bg5 Qe6 19. Nd2 Ba6 20. Qa4 Bb7 21. Be3 Rfc8 22. Qb3 {Wang,Y (2704)-Al Modiahki,M (2556) Sochi 2008 ½-½ (43)}) ({RR} 7... Nbd7 8. Bd3 O-O 9. e4 e5 10. O-O dxe4 11. Nxe4 Nxe4 12. Bxe4 f5 13. dxe5 fxe4 14. Ng5 Nxe5 15. Qh5 h6 16. Nxe4 Bg4 {0-1 (16) Horak,M (2333)-Ljukin,S (2362) chess.com INT 2024}) ({RR} 7... Nbd7 8. Qc2 O-O 9. Be2 e5 10. dxe5 Nxe5 11. Nxe5 Bxe5 12. O-O Ne4 13. Rad1 Nxd2 14. Rxd2 Qf6 15. Rc1 d4 16. exd4 Bf4 17. Rcd1 Bxd2 18. Qxd2 Bf5 19. Bf3 Rad8 20. Qf4 g5 21. Ne4 gxf4 22. Nxf6+ {Werner,D (2272)-Varga,M (2031) Budapest 2011 ½-½ (32)}) 8. c5 Nxd2 9. Qxd2 Bc7 10. Bd3 f5 11. b4 Nd7 12. O-O O-O 13. Ne1 f4 14. e4 a5 15. b5 e5 16. exd5 exd4 17. Na4 cxd5 1/2-1/2

[Event "Lake Sevan"]
[Site "Martuni"]
[Date "2011.07.24"]
[Round "3"]
[White "Khairullin, Ildar"]
[Black "Grigoryan, Avetik"]
[Result "1/2-1/2"]
[WhiteElo "2649"]
[BlackElo "2608"]
[PlyCount "33"]
[EventDate "2011.07.22"]
[EventType "tourn"]
[EventRounds "9"]
[EventCountry "ARM"]
[EventCategory "16"]
[SourceTitle "CBM 144"]
[Source "ChessBase"]
[SourceDate "2011.09.16"]
[SourceVersion "1"]
[SourceVersionDate "2011.09.16"]
[SourceQuality "1"]

1. d4 d5 2. c4 c6 3. Nf3 e6 4. Qc2 Nf6 5. Nbd2 c5 6. dxc5 ({RR} 6. cxd5 cxd4 7. Nxd4 Nxd5 8. a3 Be7 9. N2f3 O-O 10. e4 Nf6 11. e5 Nd5 12. Bd3 h6 13. Qe2 Nd7 14. Qe4 f5 15. exf6 N7xf6 16. Qe2 Qb6 17. O-O Bd7 18. Bc4 Bd6 19. Rd1 Rac8 20. Ba2 Rfe8 {Firouzja,A (2728)-Caruana,F (2835) chess24.com INT 2020 1-0 (63)}) 6... d4 ({RR} 6... Nc6 7. e3 Bxc5 8. a3 a5 9. Be2 O-O 10. O-O Qe7 11. Nb3 Bb6 12. Bd2 Bd7 13. Rac1 Rfc8 14. c5 Bc7 15. Nbd4 a4 16. Rfd1 e5 17. Nb5 Bb8 18. Be1 Bg4 19. Nh4 Bxe2 20. Qxe2 Qe6 21. Nf3 {Gundavaa,B (2480)-Grigoryan,A (2608) Shenzhen 2011 0-1 (36)}) 7. b4 $146 ({RR} 7. Nb3 Nc6 8. e3 e5 9. exd4 e4 10. Nfd2 Nxd4 11. Nxd4 Qxd4 12. Nb3 Qe5 13. Be3 Bf5 14. Rd1 Be7 15. h3 O-O 16. Be2 Rfe8 17. g4 Be6 18. Rd4 a5 19. a4 Qc7 20. O-O h6 21. Rxe4 Nxe4 {Duer,W (2290)-Shabalov,A (2465) Werfen 1990 0-1 (36)}) ({RR} 7. g3 Nc6 8. Bg2 Bxc5 9. O-O e5 10. Ng5 h6 11. Nge4 Nxe4 12. Nxe4 Be7 13. a3 a5 14. f4 f5 15. fxe5 fxe4 16. Qxe4 Kd7 17. e6+ Kc7 18. Rf7 g5 19. c5 Kb8 20. b4 axb4 21. Rb1 Bxc5 {Andreikin,D (2729)-Ashraf,A (2391) chess.com INT 2024 0-1 (36)}) 7... a5 8. Bb2 axb4 9. Nb3 Nbd7 10. Nfxd4 Nxc5 11. g3 Qb6 12. Bg2 Bd7 13. O-O Na4 14. Nf3 Nxb2 15. Qxb2 Bc6 16. Nbd4 Bc5 17. Nxc6 1/2-1/2

[Event "EU-Cup 27th"]
[Site "Rogaska Slatina"]
[Date "2011.09.28"]
[Round "4"]
[White "Giri, Anish"]
[Black "Dreev, Alexey"]
[Result "1/2-1/2"]
[WhiteElo "2722"]
[BlackElo "2711"]
[PlyCount "33"]
[EventDate "2011.09.25"]
[EventType "team-swiss"]
[EventRounds "7"]
[EventCountry "SLO"]
[SourceTitle "CBM 145"]
[Source "ChessBase"]
[SourceDate "2011.11.11"]
[SourceVersion "1"]
[SourceVersionDate "2011.11.11"]
[SourceQuality "1"]
[WhiteTeam "SHSM-64"]
[BlackTeam "Ugra"]
[WhiteTeamCountry "RUS"]
[BlackTeamCountry "RUS"]

1. c4 c6 2. Nf3 d5 3. d4 Nf6 4. e3 e6 5. b3 c5 6. cxd5 Nxd5 7. Bb2 cxd4 8. Nxd4 Bb4+ ({RR} 8... e5 9. Nf3 Nc6 10. Bc4 Bb4+ 11. Nbd2 Nb6 12. Bb5 Qd5 13. Bxc6+ bxc6 14. Bxe5 Bg4 15. Bc7 O-O 16. a3 Bxf3 17. axb4 Bxd1 {0-1 (17) So,W (2810)-Duda,J (2707) Leon 2017}) ({RR} 8... e5 9. Nf3 Nc6 10. Nbd2 f6 11. Rc1 Be6 12. Bc4 Qd7 13. O-O Be7 14. Ne4 Rd8 15. Qe2 O-O 16. Rfd1 Qc8 17. Bb5 Kh8 18. Nc5 Bxc5 19. Rxc5 Ndb4 20. Rxd8 Rxd8 21. a3 a6 22. Bc4 Bxc4 23. Rxc4 {Borowik,W (2204)-Lecki,L (2194) Bialystok POL 2025 0-1 (35)}) 9. Nd2 O-O 10. Rc1 Qh4 $146 ({RR} 10... Bd7 11. a3 Be7 12. Bd3 Nc6 13. N4f3 Bf6 14. Qc2 Bxb2 15. Qxb2 Qf6 16. Qb1 h6 17. Ne4 Qe7 18. b4 Rfd8 19. O-O Rac8 20. Qb2 Be8 21. Rfd1 a5 22. b5 Nb8 23. Rxc8 Rxc8 24. Rc1 Rxc1+ 25. Qxc1 {Donchenko,A (2588)-Mikaelyan,A (2486) Batumi 2018 ½-½ (58)}) ({RR} 10... e5 11. N4f3 e4 12. Nd4 Qe7 13. Be2 Qg5 14. Kf1 Nxe3+ 15. fxe3 Qxe3 16. Nc4 Qf4+ 17. Kg1 b5 18. Nxb5 Bc5+ 19. Bd4 Bxd4+ 20. Nxd4 Rd8 21. Qf1 Qg5 22. Rd1 f5 23. g3 {1-0 (23) Mchedlishvili,M (2601)-Raja,H (2340) Subic Bay 2016}) 11. g3 Qe4 12. Qf3 Qg6 13. a3 Bxd2+ 14. Kxd2 Nd7 15. Qg2 b6 16. Bd3 Qh6 17. g4 1/2-1/2

[Event "Airthings Masters Play-In"]
[Site "chess.com INT"]
[Date "2023.02.03"]
[Round "3"]
[White "Matlakov, M."]
[Black "Fier, A."]
[Result "1-0"]
[WhiteElo "2662"]
[BlackElo "2606"]
[PlyCount "33"]
[EventDate "2023.02.03"]

1. d4 d5 2. c4 e6 3. Nf3 c6 4. g3 dxc4 5. Bg2 b5 6. O-O Nf6 7. Ne5 Bb7 8. a4 a6 9. b3 cxb3 10. Qxb3 Qxd4 11. Bb2 Qb4 12. Qc2 Be7 $146 ({RR} 12... Qc5 13. Qd3 Qd6 14. Qe3 Qc7 15. axb5 axb5 16. Rxa8 Bxa8 17. Nc3 Bd6 18. Nxb5 cxb5 19. Rc1 Qd8 20. Bxa8 O-O 21. Bf3 Qa5 22. Kg2 Qb4 23. Nd3 Qb3 24. Bxf6 gxf6 25. Qh6 f5 26. Qg5+ Kh8 27. Qf6+ {Gines Esteo,P (2490)-Alinasab,M (2306) chess.com INT 2023 1-0 (45)}) ({RR} 12... Qc5 13. Qb3 {½-½ (15) Shankland,S (2712)-Aronian,L (2755) Saint Louis USA 2022}) ({RR} 12... Qc5 13. Qd3 Be7 14. Nd2 Qb6 15. Ne4 Nd5 16. Nxf7 Kxf7 17. Qf3+ Bf6 18. Rfd1 Nd7 19. Nxf6 N7xf6 20. e4 Rhf8 21. exd5 cxd5 22. Bd4 Qd6 23. Qe3 Rfe8 24. Re1 Kg8 25. Be5 Qd7 26. Qb6 bxa4 27. Rab1 {Gupta,A (2540)-Jain,K (2365) Mumbai IND 2026 ½-½ (52)}) ({RR} 12... Qc5 13. Qd3 Qd6 14. Qe3 Nbd7 15. axb5 axb5 16. Rxa8+ Bxa8 17. Qa7 Qb8 18. Qa1 Nxe5 19. Bxe5 Qd8 20. Qa6 Be7 21. Bxc6+ Bxc6 22. Qxc6+ Qd7 23. Qa8+ Qd8 24. Qc6+ Qd7 25. Qa8+ Qd8 26. Qb7 b4 27. Bc7 {Matlakov,M (2670)-Makhnev,D (2486) Samarkand UZB 2023 ½-½ (36)}) 13. axb5 Qxb5 14. Na3 Qc5 15. Nac4 Qa7 16. Na5 O-O 17. Qb3 1-0

[Event "CZE-chT 1112"]
[Site "Czech Republic"]
[Date "2011.12.03"]
[Round "3.1"]
[White "Ponomariov, Ruslan"]
[Black "Vitiugov, Nikita"]
[Result "1/2-1/2"]
[WhiteElo "2758"]
[BlackElo "2726"]
[PlyCount "32"]
[EventDate "2011.10.08"]
[EventType "team-tourn"]
[EventRounds "11"]
[EventCountry "CZE"]
[SourceTitle "EXT 2013"]
[Source "ChessBase"]
[SourceDate "2012.11.22"]
[SourceVersion "1"]
[SourceVersionDate "2012.11.22"]
[SourceQuality "1"]
[WhiteTeam "Lysa nad Labem"]
[BlackTeam "Novoborsky"]
[WhiteTeamCountry "CZE"]
[BlackTeamCountry "CZE"]

1. d4 Nf6 2. Nf3 e6 3. e3 d5 4. c4 a6 5. b3 b6 6. Bd3 Bb7 7. O-O Nbd7 8. Bb2 Bd6 9. Nbd2 O-O 10. Ne5 ({RR} 10. Qc2 Rc8 11. e4 dxe4 12. Nxe4 Nxe4 13. Bxe4 Bxe4 14. Qxe4 Nf6 15. Qb7 a5 16. Rad1 Rb8 17. Qc6 Qd7 18. Qxd7 Nxd7 19. Rfe1 a4 20. g3 Rfd8 21. Kg2 Ra8 22. Bc3 axb3 23. axb3 Ra3 24. Nd2 Rda8 {Andreikin,D (2729)-Tabatabaei,M (2677) chess.com INT 2023 ½-½ (65)}) ({RR} 10. Qc2 dxc4 11. bxc4 c5 12. Ne5 cxd4 13. exd4 Bxe5 14. dxe5 Nc5 15. exf6 Nxd3 16. fxg7 Re8 17. f3 e5 18. Rad1 Qd6 19. Ne4 Bxe4 20. fxe4 Rad8 21. h3 Qc5+ 22. Kh2 Nxb2 23. Qxb2 Rxd1 24. Rxd1 Qe3 {Keinanen,T (2493)-Wartiovaara,O (2283) Helsinki FIN 2026 ½-½ (47)}) ({RR} 10. Qc2 c5 11. dxc5 bxc5 12. cxd5 exd5 13. e4 d4 14. Nc4 Qe7 15. Rfe1 Ng4 16. e5 Bxf3 17. exd6 Qh4 18. h3 Ndf6 19. Ne5 Nxe5 20. Rxe5 Nd7 21. Re7 Qg5 22. Bf1 Bc6 23. Rae1 Qd5 24. Ba3 Qxd6 {Atabayev,M (2492)-Vitiugov,N (2726) Doha 2016 ½-½ (40)}) 10... Ne4 11. Nxd7 $146 ({RR} 11. cxd5 exd5 12. f4 Qe7 13. Nxe4 dxe4 14. Bc2 Nf6 15. g4 Nd5 16. Qe2 Nb4 17. Bb1 f6 18. Nc4 a5 19. a3 Nd3 20. Bc3 Rfe8 21. Qg2 Bd5 22. Bc2 Qf7 23. Nd2 c5 24. Bd1 Rac8 25. g5 f5 {Piliposyan,R (2199)-Lazavik,D (2424) Chess.com INT 2020 0-1 (44)}) ({RR} 11. cxd5 exd5 12. f4 Qe7 13. Nxe4 dxe4 14. Bc2 Nf6 15. g4 Nd5 16. Qe2 Nb4 17. Bb1 f6 18. Nc4 a5 19. a3 Nd3 20. Bc3 Rfe8 21. Qg2 Bd5 22. Bc2 Qf7 23. Nd2 c5 24. Bd1 Rac8 25. g5 f5 {Piliposyan,R (2199)-Lazavik,D (2424) Chess.com INT 2020 0-1 (44)}) 11... Qxd7 12. Rc1 Qe7 13. Nf3 f5 14. Qe2 a5 15. Ne5 a4 16. f4 c5 1/2-1/2

[Event "29th Abu Dhabi Masters"]
[Site "Abu Dhabi UAE"]
[Date "2023.08.23"]
[Round "8.1"]
[White "Aravindh, Chithambaram VR."]
[Black "Fedoseev, Vl3"]
[Result "1/2-1/2"]
[WhiteElo "2645"]
[BlackElo "2676"]
[PlyCount "31"]
[EventDate "2023.08.16"]

1. d4 {Bulletin} d5 2. Nf3 Nf6 3. c4 e6 4. Bg5 Be7 5. e3 h6 6. Bxf6 Bxf6 7. Qc2 Nc6 8. Nc3 O-O 9. Rd1 ({RR} 9. O-O-O Nb4 10. Qb3 c5 11. dxc5 Qa5 12. a3 Na6 13. cxd5 exd5 14. Nxd5 Be6 15. Nxf6+ gxf6 16. Qc3 Qxc3+ 17. bxc3 Nxc5 18. Nd4 Rac8 19. f3 Na4 20. Nxe6 fxe6 21. Bd3 Rxc3+ 22. Kd2 Rxa3 23. Ra1 Rxa1 {Nihal,S (2669)-Tang,A (2502) chess.com INT 2024 ½-½ (52)}) 9... b6 10. a3 Na5 $146 ({RR} 10... Bb7 11. cxd5 exd5 12. Be2 Ne7 13. O-O a6 14. Ne5 Bxe5 15. dxe5 Qc8 16. e4 ({RR} 16. f4 Qe6) 16... dxe4 17. Nxe4 Qe6 18. Bf3 Bc6 ({RR} 18... Qxe5 19. Rfe1) 19. Rfe1 Rad8 20. Rc1 Rd5 21. Qc3 ({RR} 21. Nd2 Rc5 22. Qb1) 21... Kh8 ({RR} 21... Rxe5 22. Ng3 Rxe1+ 23. Rxe1 Qd7 24. Rxe7) 22. Nd2 Rc5 23. Qd4 Nf5 24. Qf4 g5 25. Qg4 {Piket,J (2615)-Vaganian,R (2590) Debrecen 1992 EU-chT [Bulletin] 0-1 (61)}) ({RR} 10... Bb7 11. Be2 Ne7 12. O-O Rc8 13. b4 c5 14. dxc5 bxc5 15. Ne4 cxb4 16. Nxf6+ gxf6 17. axb4 Qc7 18. c5 e5 19. Ra1 Ra8 20. b5 Kh8 21. c6 Bc8 22. Qc5 Rg8 23. g3 Be6 24. Ra3 Nc8 25. Rfa1 {Hakobyan,A (2545)-Yu,Y (2764) St Petersburg 2018 ½-½ (190)}) 11. cxd5 exd5 12. Bd3 c6 13. Bh7+ Kh8 14. Bd3 Kg8 15. Bh7+ Kh8 16. Bd3 1/2-1/2

[Event "Vidmar Memorial 13th"]
[Site "Portoroz"]
[Date "1999.06.21"]
[Round "8"]
[White "Beliavsky, Alexander G"]
[Black "Zvjaginsev, Vadim"]
[Result "1/2-1/2"]
[WhiteElo "2650"]
[BlackElo "2658"]
[PlyCount "32"]
[EventDate "1999.06.??"]
[EventType "tourn"]
[EventRounds "10"]
[EventCountry "SLO"]
[EventCategory "14"]
[SourceTitle "CBM 072"]
[Source "ChessBase"]
[SourceDate "1999.10.01"]
[SourceVersion "1"]
[SourceVersionDate "1999.10.01"]
[SourceQuality "1"]

1. d4 d5 2. c4 e6 3. Nf3 c6 4. Qc2 Nf6 5. g3 dxc4 6. Qxc4 b5 7. Qc2 Bb7 8. Bg2 Nbd7 9. a4 b4 ({RR} 9... a6 10. O-O c5 11. axb5 axb5 12. Rxa8 Qxa8 13. Na3 b4 14. Nc4 Be7 15. Bf4 Be4 16. Qc1 O-O 17. Nd6 Bxd6 18. Bxd6 Rc8 19. dxc5 Nxc5 20. Bxc5 Qd5 21. Rd1 Rxc5 22. Qa1 Ra5 23. Qc1 Rc5 24. Qa1 {Svidler,P (2739)-Nielsen,P (2680) Copenhagen 2010 ½-½}) 10. Ne5 Qc8 $146 ({RR} 10... Rc8 11. Nd2 Qc7 12. Ndf3 c5 13. Bf4 Bd6 14. Nxd7 Qxd7 15. Bxd6 Qxd6 16. dxc5 Rxc5 17. Qb3 O-O 18. O-O a5 19. Rfd1 Bd5 20. Qd3 Qc7 21. Ne1 Bc4 22. Qd2 Nd5 23. Nd3 Bxd3 24. Qxd3 Rc8 25. Bxd5 {Tatai,S (2425)-Arlandi,E (2330) Italy 1987 ½-½}) ({RR} 10... Rc8 11. O-O Be7 12. Nd2 Qc7 13. Nxd7 Nxd7 14. Nc4 Nf6 15. Bf4 Qd8 16. e4 Ba6 17. Rfd1 Bxc4 18. Qxc4 O-O 19. Rac1 h6 20. b3 Qa5 21. f3 Rfd8 22. Bf1 c5 23. Qa6 Qxa6 24. Bxa6 Rc6 25. Be2 {Daaevik Wadhawan (2370)-Yonal,T (2173) Senta SRB 2026 1-0 (65)}) ({RR} 10... Nxe5 11. dxe5 Nd7 12. O-O Qc7 13. Bf4 Be7 14. Nd2 g5 15. Be3 Nxe5 16. Ne4 c5 17. Nxg5 Bxg2 18. Kxg2 Qc6+ 19. Kg1 h5 20. Qe4 Qxe4 21. Nxe4 Rc8 22. Rac1 Nd7 23. Rfd1 Rc6 24. a5 Rg8 25. Rd2 {Geberl,H (2224)-Schmidt,B (2157) Bayern 2005 1-0 (47)}) 11. Nxd7 Qxd7 12. O-O c5 13. Bxb7 Qxb7 14. dxc5 Rc8 15. Be3 Bxc5 16. Bxc5 Nd7 1/2-1/2

[Event "Titled Tue 6th Dec Late"]
[Site "chess.com INT"]
[Date "2022.12.06"]
[Round "4"]
[White "Andreikin, D."]
[Black "Dardha, Daniel"]
[Result "1-0"]
[WhiteElo "2729"]
[BlackElo "2606"]
[PlyCount "31"]
[EventDate "2022.12.06"]

1. d4 {Gelfand,Boris} d5 2. c4 e6 3. Nf3 Nf6 4. g3 Bb4+ 5. Nbd2 O-O 6. Bg2 dxc4 7. Qc2 b5 ({RR} 7... Nc6 8. Qxc4 Qd5 9. O-O) 8. a4 bxa4 9. O-O Bb7 10. Nxc4 a5 ({RR} 10... Nbd7 11. Rxa4 ({RR} 11. Rd1 Nb6 12. Nfe5 Bxg2 13. Kxg2 Qd5+ 14. f3 Qb5 15. Na3 Bxa3 16. bxa3 Rfe8 17. Rb1 Qa6 18. e4) ({RR} 11. Bg5 h6 12. Bxf6 Nxf6 13. Nce5 Be4 14. Qxa4 c5 15. Nc6 Bxc6 16. Qxc6 cxd4 17. Qc4 a5 18. Nxd4) 11... a5 12. Bd2 Be4 ({RR} 12... Bc6 13. Raa1 Be4) 13. Qd1 ({RR} 13. Qc1 c5 ({RR} 13... Nb6 14. Nxb6 Bxd2 15. Nxd2 Bxg2 16. Nxa8 Bxf1 17. Nxf1) 14. dxc5 Nxc5 15. Bxb4 Nxa4 16. Bxf8 Qxf8) 13... c5 ({RR} 13... Qe7 14. Nxa5) 14. dxc5 Bc6 ({RR} 14... Nxc5 15. Bxb4 Nxa4 16. Bxf8 Qxd1 17. Rxd1 Kxf8 18. Ra1) 15. Rxb4 axb4 16. Bxb4 Ra4 ({RR} 16... Qc7 17. Ba3 Rfb8) 17. Nd4 Bxg2 18. Qxa4 Bxf1 19. Kxf1 Ne5 ({RR} 19... Nxc5 20. Bxc5 Qd5 21. Qc6 Qxc4 22. Bxf8) ({RR} 19... Ne4 20. Qc6 ({RR} 20. c6 Ndc5 21. Qd1 Qd5 22. Ne3 Nxg3+ 23. Ke1 ({RR} 23. fxg3 Qh1+ 24. Kf2 Ne4#) 23... Qh1+ 24. Kd2 Nge4+ 25. Kc2 Qxh2 26. f3) 20... Ndf6 21. e3) 20. Nd6 Nd5 ({RR} 20... Ne8) 21. Ba3 Qc7 ({RR} 21... Qa8 22. Qxa8 Rxa8 23. e4) ({RR} 21... Qf6 22. c6 ({RR} 22. Kg2 Nf4+ 23. gxf4 Qg6+)) 22. N6b5 Qb8 ({RR} 22... Qb7 23. c6 Nxc6 24. Bxf8 Nb6 25. Nd6 Nxa4 26. Nxb7 Nxd4 27. Ba3) 23. c6 Qa8 24. Qxa8 Rxa8 25. e4 {Gelfand,B (2700)-Almasi,Z (2676) Monte Carlo 2003 CBM 093 Extra [Gelfand,Boris] 1-0 (37)}) 11. Rd1 Nbd7 12. Bg5 $146 ({RR} 12. Nce5 Nb6 13. Bg5 h6 14. Bxf6 Qxf6 15. Qxc7 Bxf3 16. Bxf3 Qd8 17. Qb7 Rb8 18. Qa7 Nd5 19. e4 Ra8 20. Qb7 Rb8 21. Qa6 Ra8 22. Qe2 Nf6 23. Rxa4 Qb6 24. Raa1 Rfd8 25. Nc4 Qa6 26. Rac1 Rac8 {Papaioannou,D (2200)-Grutter,T (2408) chess.com INT 2025 1-0 (77)}) 12... h6 13. Bxf6 Qxf6 14. Nfe5 Bxg2 15. Nxd7 Qe7 16. Nxf8 1-0

[Event "FIDE World Cup"]
[Site "Khanty-Mansiysk"]
[Date "2009.12.04"]
[Round "5.2"]
[White "Jakovenko, Dmitrij"]
[Black "Gelfand, Boris"]
[Result "1/2-1/2"]
[WhiteElo "2736"]
[BlackElo "2758"]
[PlyCount "29"]
[EventDate "2009.11.21"]
[EventType "k.o."]
[EventRounds "7"]
[EventCountry "RUS"]
[SourceTitle "CBM 134"]
[Source "ChessBase"]
[SourceDate "2010.01.18"]
[SourceVersion "1"]
[SourceVersionDate "2010.01.18"]
[SourceQuality "1"]

1. d4 {Aronian,Levon} d5 2. Nf3 Nf6 3. c4 e6 4. Bg5 h6 5. Bxf6 Qxf6 6. Nbd2 Nd7 ({RR} 6... g6 7. Qc2 Qe7 8. g3 Bg7 9. Bg2 O-O 10. Rc1 c5 11. cxd5 cxd4 12. Qxc8 Rxc8 13. Rxc8+ Kh7 14. h4 Bf6 15. Ne4 exd5 16. Nxf6+ Qxf6 17. O-O Kg7 18. Rfc1 d3 19. exd3 Qxb2 20. Re1 Qxa2 21. g4 {Bu Xiangzhi (2676)-Hovhannisyan,R (2607) Benasque ESP 2023 1-0 (39)}) ({RR} 6... dxc4 7. e3 c5 8. Bxc4 cxd4 9. exd4 Bb4 10. O-O O-O 11. Ne4 Qf4 12. Qd3 Bd7 13. g3 Qf5 14. Qe3 Bc6 15. Bd3 Nd7 16. a3 Be7 17. Rac1 Qd5 18. Rfe1 Rac8 19. h4 Rfd8 20. b4 a6 21. Qf4 {Rodshtein,M (2615)-Jakovenko,D (2710) Heraklion 2007 0-1 (32)}) 7. Rc1 c6 8. g3 ({RR} 8. a3 g5 9. h3 ({RR} 9. e3 Bg7) ({RR} 9. e4 g4 10. e5 Qd8 ({RR} 10... Qf5 11. Ng1 ({RR} 11. Nh4 Qf4 12. Nb3 Be7) 11... c5 12. cxd5 cxd4 13. dxe6 Qxe5+ 14. Qe2 fxe6) 11. Ng1 Qb6 12. Nb3 a5 ({RR} 12... c5 13. Bd3 cxd4 14. f4) 13. c5 Qd8 14. Nd2 Rg8) 9... h5 10. cxd5 ({RR} 10. e4 g4 11. e5 Qg7) 10... exd5 11. e4 g4 12. e5 Qg7 13. Nh4 Qg5 14. g3 f6 15. e6 Nb6 16. Rc3 ({RR} 16. Bd3 Bxe6 17. Ng6 Rg8) 16... Bxe6 17. Re3 Kd7 ({RR} 17... Qg8 18. Ng6 Bh6 ({RR} 18... Qxg6 19. Bd3 f5 20. hxg4) 19. Nxh8 Bxe3 20. fxe3 Qxh8 21. hxg4 Qg7 22. g5) 18. Bd3 Re8 ({RR} 18... Nc4 19. Bxc4 dxc4 20. Ne4 Qa5+ 21. Kf1) ({RR} 18... Bd6 19. Rxe6 Kxe6 20. Nf5 Kd7) 19. Ng6 Rg8 ({RR} 19... Nc4 20. h4 Qh6 ({RR} 20... Nxe3 21. Qb3 Qh6 22. Qxb7+ Kd6 23. Nxh8) 21. Nxc4 dxc4 22. d5) 20. Nf4 Bh6 ({RR} 20... Bf7 21. Rxe8 Kxe8 22. hxg4 Qxg4 23. Be2 Qd7 24. Bxh5 Bd6) 21. Bh7 Rgf8 ({RR} 21... Rg7 22. h4 Qxf4 23. gxf4 Rxh7 24. Nb3) 22. Nb3 ({RR} 22. Bg6 Bf7 23. h4 Qxg6 24. Nxg6 Bxg6) 22... Bf7 {Aronian,L (2739)-Anand,V (2799) Nice 2008 CBM 123 Extra [Aronian,Levon] 1-0 (50)} ({RR} 22... Kd6 23. Nxe6 Rxe6 24. Rxe6+ Kxe6)) 8... g5 9. h3 $146 ({RR} 9. e3 g4 10. Nh4 h5 11. h3 Qg5 12. Ng2 Rh6 13. h4 Qf6 14. Bd3 dxc4 15. Bxc4 Nb6 16. Bb3 e5 17. O-O Bf5 18. e4 Be6 19. d5 Bd7 20. Ne3 Rg6 21. Qe2 Bh6 22. Rcd1 Rd8 23. Ndc4 Bf8 {Kozul,Z (2597)-Diermair,A (2504) Sarajevo 2018 1-0 (33)}) 9... Bg7 10. Bg2 O-O 11. O-O Qe7 12. g4 f5 13. gxf5 exf5 14. cxd5 cxd5 15. Qb3 1/2-1/2

[Event "RUS-ch Higher League 60th"]
[Site "Krasnoyarsk"]
[Date "2007.09.08"]
[Round "5"]
[White "Dreev, Alexey"]
[Black "Timofeev, Artyom"]
[Result "1/2-1/2"]
[WhiteElo "2606"]
[BlackElo "2650"]
[PlyCount "25"]
[EventDate "2007.09.03"]
[EventType "swiss"]
[EventRounds "11"]
[EventCountry "RUS"]
[SourceTitle "CBM 120"]
[Source "ChessBase"]
[SourceDate "2007.10.02"]
[SourceVersion "1"]
[SourceVersionDate "2007.10.02"]
[SourceQuality "1"]

1. d4 d5 2. c4 e6 3. Nf3 c6 4. Bg5 Be7 5. Bxe7 Qxe7 6. e3 Nf6 7. Nc3 O-O 8. Qc2 ({RR} 8. Rc1 Rd8 9. Qc2 dxc4 10. Bxc4 c5 11. O-O cxd4 12. Nxd4 Bd7 13. Rfd1 Nc6 14. Nf3 Be8 15. h3 Rac8 16. a3 h6 17. Rxd8 Rxd8 18. Bd3 Qd6 19. Rd1 Qc7 20. Ne4 Nxe4 21. Bxe4 Rxd1+ 22. Qxd1 Ne7 {Le,Q (2709)-Carlsen,M (2864) Oslo 2022 ½-½ (50)}) 8... b6 ({RR} 8... Nbd7 9. Rd1 Re8 10. Be2 h6 11. O-O dxc4 12. Bxc4 e5 13. Ne4 Nxe4 14. Qxe4 exd4 15. Qxe7 Rxe7 16. Rxd4 Kf8 17. Rfd1 Nb6 18. Bb3 Be6 {½-½ (18) Sivuk,V (2499)-Fodor,T (2494) Jyvaskyla FIN 2026}) 9. cxd5 cxd5 10. Ne5 $146 ({RR} 10. Bd3 Bb7 11. O-O Nc6 12. a3 Rac8 13. Qa4 a6 14. Rac1 b5 15. Qb3 {½-½ (15) Almasi,Z (2668)-Markowski,T (2568) Polanica Zdroj 2000}) ({RR} 10. Rc1 Bb7 11. Bd3 Nc6 12. a3 Rfc8 13. O-O h6 14. Qe2 Na5 15. Ne5 Ne4 16. Bxe4 dxe4 17. b4 Nc6 18. Nc4 Nd8 19. Rc2 Bd5 20. Nd2 Nb7 21. Rfc1 Nd6 22. Ndxe4 Bxe4 23. Nxe4 Rxc2 24. Qxc2 Rc8 {Dreev,A (2662)-Klein,F (2299) Ohrid 2009 0-1 (80)}) ({RR} 10. a3 Bb7 11. Bd3 Nc6 12. O-O Rac8 13. Qa4 a6 14. Ne5 Nxe5 15. dxe5 Nd7 16. Qd4 f6 17. Qh4 g6 18. exf6 Qxf6 19. Qxf6 Nxf6 20. Rac1 Kf7 21. h3 Ke7 22. f4 Nd7 23. Rfd1 d4 24. exd4 Rxf4 {David,A (2579)-Tregubov,P (2607) Paris 2005 1-0 (68)}) 10... Bb7 11. Bd3 Rc8 12. O-O Nc6 13. Nxc6 1/2-1/2